Origins and history of Jats and other allied Nomadic tribes of India: 900 BC-1947 AD (Record no. 6138)

MARC details
000 -LEADER
fixed length control field 00530nam a2200169Ia 4500
008 - FIXED-LENGTH DATA ELEMENTS--GENERAL INFORMATION
fixed length control field 230917s9999||||xx |||||||||||||| ||und||
020 ## - ISBN
Price RS 1295.00
040 ## - CATALOGING SOURCE
-- 5010667
Original cataloging agency VIVEKANANDA LIBRARY
041 ## - Language
-- English
082 ## - DDC NUMBER
Classification number 954.5 N582D
100 ## - MAIN ENTRY--PERSONAL NAME
Personal name Nijjar, B S
245 #0 - TITLE STATEMENT
Title Origins and history of Jats and other allied Nomadic tribes of India: 900 BC-1947 AD
260 ## - PUBLICATION, DISTRIBUTION, ETC. (IMPRINT)
Place of publication, distribution, etc New Dehli
Name of publisher, distributor, etc Atlantic Publishers and Distributiors
Date of publication, distribution, etc 2022
300 ## - PHYSICAL DESCRIPTION
Pages iv, 888 p.
500 ## - GENERAL NOTE
General note 4603 28/10/2022 APD22/1143875 03/11/2022 Main Budget
942 ## - ADDED ENTRY ELEMENTS (KOHA)
Koha item type Books
Holdings
Withdrawn status Lost status Damaged status Not for loan Location (home branch) Sublocation or collection (holding branch) Date acquired Koha issues (times borrowed) Koha full call number Accession No. Koha date last seen Koha item type
        VIVEKANANDA LIBRARY VIVEKANANDA LIBRARY 17/11/2022   954.5 N582D 401496 17/09/2023 Books
© Designed and Maintained by Vivekananda Library, MDU Rohtak